| 000 | 01086cab a22002175a 4500 | ||
|---|---|---|---|
| 001 | L155027 | ||
| 008 | 120220e20120217xxk 000 0 eng d | ||
| 035 | _a(Sirsi) u155027 | ||
| 041 | 0 | _aeng | |
| 100 | 1 | _aEade, Christine | |
| 245 | 0 | 0 |
_aMarkets _bBristol, Bath and Somerset |
| 260 | _c2012 | ||
| 490 | 0 |
_aProperty Week _v78(07) 17 February 2012, 49-58(5) |
|
| 520 | _aTCN UK plans to restore rather than demolish the 1930s Collett House at Temple Gate in Bristol. Bristol hopes to secure a 50 000sq ft office letting from Spanish insurer Mapfre. Scented candle supplier Yankee Candle has taken a lease at 4mation, a 165 000 sq ft logistics centre at Cabot Park Bristol. Ten flats have gone already at Crest Nicholson's Bath Riverside Georgian-style townhouse scheme. Three property developers are vying to create a restaurant quarter in Bath Local development company Project Taunton sees its legacy Firepool office site come to market. | ||
| 590 | _aKA | ||
| 651 | 4 | _aBath | |
| 651 | 4 | _aBristol | |
| 651 | 4 | _aSomerset | |
| 690 |
_aCommercial property _96227 |
||
| 942 | _n0 | ||
| 999 |
_c83786 _d83786 |
||